Have They Won A Grammy? - Sudden Death - Statistics

General Stats
  • This quiz has been taken 28 times
  • The average score is 6 of 16
Answers on the Grid
Answers color-coded by a green-red scale on the quiz's grid according to % correct below.
Queen
Snoop Dogg
Backstreet Boys
One Direction
Depeche Mode
Matchbox Twenty
Iggy Azalea
Arctic Monkeys
Hozier
Nickelback
Lana Del Rey
Miley Cyrus
Céline Dion
Mariah Carey
Britney Spears
Sam Smith
Coldplay
Vance Joy
Lenny Kravitz
Eminem
AC/DC
Amy Winehouse
Pitbull
Tina Turner
R.E.M.
U2
Bruce Springsteen
Bob Marley
Katy Perry
The Cranberries
 
Answer Stats
Answer % Correct
Amy Winehouse
64%
Céline Dion
59%
Miley Cyrus
59%
Eminem
55%
Sam Smith
55%
Coldplay
50%
U2
50%
Mariah Carey
45%
Bruce Springsteen
36%
Tina Turner
36%
R.E.M.
32%
Britney Spears
27%
Lenny Kravitz
23%
AC/DC
18%
Pitbull
18%
Vance Joy
9%
No matching quizzes found
Score Distribution
Percent of People with Each Score
Percentile by Number Answered
Your Score History
You have not taken this quiz